000
00332nam a22001457a 4500
008
221007b ||||| |||| 00| 0 eng d
020
_a
0070697582
041
_a
eng
080
_2
FIFTH EDITION
_a
579
082
_a
579 WHIT
100
_a
17
101
_a
CHEMY
245
_a
PRINCIPLES OF BIOCHEMISTRY
_c
WHITE A
942
_2
udc
_c
BK
999
_c
58407
_d
58407